000 00472ntaaa2200181 4500
003 01
005 20251027203024.0
008 0714s1973 ag 01
040 _aAR-BaBN
_bspa
_cAR-BaBN
_eaacr
_dRIC
082 _a707.0000 P29
100 _aPayro, Julio E
_927556
245 _aHistoria gráfica del arte universal
250 _a1 ed.
260 _aBuenos Aires :
_bEditorial Codex,
_cc1956
300 _a2 tomos
650 _aarte universal-historia
_931314
942 _cBK
999 _c25624
_d25624